عرض عادي
عرض مارك
- Human evolution
مدخل مصطلح موضوعي
001 - رقم الضبط
- حقل الضبط: 10409
003 - معرف رقم الضبط
- حقل الضبط: OSt
005 - تاريخ ووقت أخر عملية
- حقل الضبط: 20120410033322.0
008 - عناصر بيانات ثابتة الطول
- حقل تحكم ثابت الطول: 120410|||a|||||| | ||| d
040 ## - مصدر الفهرسة
- هيئة الفهرسة الأصلية: OSt
- وكالة الكتابة: OSt
150 ## - مدخل-- مصطلح تاريخي
- عنصر مدخل المصطلح الموضوعي او الاسم الجغرافي: Human evolution
- تفريع عام: Religious aspects
- تفريع عام: Christianity.
670 ## - بيانات المصدر موجوده
- الاستشهاد بالمصدر: Work cat.: (OSt)0: Ruse, Michael. 9845, The evolution-creation struggle /, 2005.
